| 000 | 00536nam a22002057a 4500 | ||
|---|---|---|---|
| 003 | OSt | ||
| 005 | 20150520152504.0 | ||
| 008 | 150520b xxu||||| |||| 00| 0 eng d | ||
| 020 | _a0750640146 | ||
| 040 | _cDLC | ||
| 082 | _aWW 7 K13c 1999 | ||
| 100 |
_aKanski Jack J _9337 |
||
| 245 |
_aClinical Ophthalmology / _cJack J. Kanski |
||
| 250 | _a4th ed. | ||
| 260 |
_aOxford: _bButterworth Heinemann; _c1999. |
||
| 300 |
_axii, 673 p : _bcol.ill _c27 cm |
||
| 504 | _aincludes index | ||
| 650 |
_aOphthalmology _9338 |
||
| 942 |
_2z _cSLOAN |
||
| 999 |
_c1804 _d1804 |
||